|
|
|
|
| LEADER |
01731nam a2200457 a 4500 |
| 001 |
000620417 |
| 003 |
CZ BrMZK |
| 005 |
20090522091924.0 |
| 007 |
ta |
| 008 |
020902s2002 xr f eng d |
| 015 |
|
|
|a cnb001184048
|
| 020 |
|
|
|a 80-244-0470-2
|
| 035 |
|
|
|a (OCoLC)51191505
|
| 040 |
|
|
|a BOA001
|b cze
|
| 043 |
|
|
|a n-us---
|
| 045 |
|
|
|a x-y-
|
| 072 |
|
7 |
|a 2
|x Náboženství
|2 Konspekt
|9 5
|
| 080 |
|
|
|a 2-58
|2 MRF
|
| 080 |
|
|
|a 21/29-1/-9
|2 MRF
|
| 080 |
|
|
|a 316.72/.75
|2 MRF
|
| 080 |
|
|
|a 7.04
|2 MRF
|
| 080 |
|
|
|a (73)
|2 MRF
|
| 080 |
|
|
|a (062.534)
|2 MRF
|
| 100 |
1 |
|
|a Sweney, Matthew,
|d 1964-
|7 jn20000605231
|4 aut
|
| 245 |
1 |
0 |
|a Spirituality and religion in american culture :
|b [American Studies Colloquium September 3-8, 2000] /
|c Matthew Sweney, Michal Peprník
|
| 250 |
|
|
|a 1. vyd.
|
| 260 |
|
|
|a Olomouc :
|b Univerzita Palackého,
|c 2002
|
| 300 |
|
|
|a 167 s. ;
|c 21 cm
|
| 500 |
|
|
|a Podnázev z obálky
|
| 504 |
|
|
|a Obsahuje bibliografie
|
| 648 |
|
7 |
|a 20.-21. století
|7 ch462155
|2 czenas
|
| 650 |
0 |
7 |
|a spiritualita
|7 ph116237
|z Spojené státy americké
|y 20.-21. stol.
|2 czenas
|
| 650 |
0 |
7 |
|a náboženství
|7 ph115485
|z Spojené státy americké
|y 20.-21. stol.
|2 czenas
|
| 650 |
0 |
7 |
|a kultura a společnost
|7 ph122010
|z Spojené státy americké
|y 20.-21. stol.
|2 czenas
|
| 650 |
0 |
7 |
|a umělecké náměty
|7 ph138227
|2 czenas
|
| 655 |
|
7 |
|a sborníky konferencí
|7 fd133333
|2 czenas
|
| 700 |
1 |
|
|a Peprník, Michal,
|d 1960-
|7 jn20010310207
|4 aut
|
| 711 |
2 |
|
|a Spirituality and Religion in American Culture (kolokvium)
|d (2000 :
|c Olomouc, Česko)
|7 olak2008460215
|
| 910 |
|
|
|a BOA001
|b 2-1106.644
|
| 990 |
|
|
|a BK
|
| 996 |
6 |
|
|b 2610169258
|c 2-1106.644
|l MZK
|r Sklad / do 1 hodiny
|n 0
|p p.v.
|w 000620417
|u 000010
|a 1
|e BOA001
|j MZK50
|s P
|